Extremadura y América / (Record no. 7465)

MARC details
000 -LEADER
campo de control de longitud fija 01190nam a2200325 i 4500
001 - NÚMERO DE CONTROL
campo de control 7465
003 - IDENTIFICADOR DE NÚMERO DE CONTROL
campo de control ES-MaACL
005 - FECHA Y HORA DE LA ÚLTIMA TRANSACCIÓN
campo de control 20240103102751.0
007 - CAMPO FIJO DE DESCRIPCIÓN FÍSICA--INFORMACIÓN GENERAL
campo de control de longitud fija t|
008 - DATOS DE LONGITUD FIJA--INFORMACIÓN GENERAL
campo de control de longitud fija 910121s1990 sp |||| | spa d
020 ## - NÚMERO INTERNACIONAL ESTÁNDAR DEL LIBRO
Número Internacional Estándar del Libro 84-87053-13-0
080 ## - NÚMERO DE LA CLASIFICACIÓN DECIMAL UNIVERSAL
Número de la Clasificación Decimal Universal 91(462.2)
080 ## - NÚMERO DE LA CLASIFICACIÓN DECIMAL UNIVERSAL
Número de la Clasificación Decimal Universal 91(8.03)
080 ## - NÚMERO DE LA CLASIFICACIÓN DECIMAL UNIVERSAL
Número de la Clasificación Decimal Universal 9(462.2)
080 ## - NÚMERO DE LA CLASIFICACIÓN DECIMAL UNIVERSAL
Número de la Clasificación Decimal Universal 9(8.03)
245 00 - MENCIÓN DEL TÍTULO
Título Extremadura y América /
Mención de responsabilidad, etc. dirigida por Salvador Andrés Ordax ; prólogo por Juan Carlos Rodríguez Ibarra.
260 ## - PUBLICACIÓN, DISTRIBUCIÓN, ETC.
Lugar de publicación, distribución, etc. Madrid :
Nombre del editor, distribuidor, etc. Gela :
-- Espasa-Calpe / Argantonio,
Fecha de publicación, distribución, etc. 1990.
300 ## - DESCRIPCIÓN FÍSICA
Extensión 346 p. :
Otras características físicas il. ;
Dimensiones 29 cm.
490 1# - MENCIÓN DE SERIE
Mención de serie Gran enciclopedia de España y América. Monografías
490 1# - MENCIÓN DE SERIE
Mención de serie Biblioteca del V Centenario
650 14 - PUNTO DE ACCESO ADICIONAL DE MATERIA--TÉRMINO DE MATERIA
Término de materia o nombre geográfico como elemento de entrada Extremeños-
Subdivisión geográfica América española.
9 (RLIN) 12708
651 #4 - PUNTO DE ACCESO ADICIONAL DE MATERIA--NOMBRE GEOGRÁFICO
Nombre geográfico Extremadura-
Subdivisión general Relaciones-
Subdivisión geográfica América española.
9 (RLIN) 168010
651 #4 - PUNTO DE ACCESO ADICIONAL DE MATERIA--NOMBRE GEOGRÁFICO
Nombre geográfico América española-
Subdivisión general Relaciones-
Subdivisión geográfica Extremadura.
9 (RLIN) 168011
700 1# - ENTRADA AGREGADA--NOMBRE PERSONAL
Nombre de persona Andrés Ordax, Salvador.
9 (RLIN) 21614
700 0# - ENTRADA AGREGADA--NOMBRE PERSONAL
Nombre de persona Rodríguez Ibarra, Juan Carlos,
Fechas asociadas al nombre 1948-
9 (RLIN) 98582
830 0# - PUNTO DE ACCESO ADICIONAL DE SERIE-TÍTULO UNIFORME
Título uniforme Gran enciclopedia de España y América. Monografías
9 (RLIN) 177875
830 0# - PUNTO DE ACCESO ADICIONAL DE SERIE-TÍTULO UNIFORME
Título uniforme Biblioteca del V Centenario
9 (RLIN) 177876
852 ## - LOCALIZACIÓN
Ubicación ES-MaACL
Número de control de estantería L-14705
Nota libre - Enc. guafl.
Holdings
Estatus retirado Estado de pérdida Estado de daño No para préstamo Biblioteca de origen Biblioteca actual Ubicación en estantería Fecha de adquisición Fuente de adquisición Total de préstamos Signatura topográfica completa Código de barras Visto por última vez Precio de reemplazo Tipo de ítem Koha
        Biblioteca del Ateneo de Madrid Biblioteca del Ateneo de Madrid Depósito 2 17/01/2008     L-14705 1007615 23/02/2023 23/02/2023 Libro impreso